Top 30 Wu-Tang Clan Songs - Statistics

General Stats
  • This quiz has been taken 7 times
  • The average score is 7 of 30
Answer Stats
# Song Rating % Correct
1. C.R.E.A.M. 98
86%
2. Protect Ya Neck 96
86%
7. Method Man 94
71%
3. Triumph 95
71%
18. Clan in da Front 90
57%
28. Gravel Pit 85
57%
8. Tearz 94
57%
9. Bring da Ruckus 93
29%
6. Da Mystery of Chessboxin' 94
29%
14. Shame 91
29%
11. Wu-Tang: 7th Chamber 92
29%
29. As High as Wu-Tang Get 84
14%
15. Can It Be All So Simple / Intermission 90
14%
19. Cash Still Rules / Scary Hours (Still Don't Nothing Move but the Money) 88
14%
30. Hellz Wind Staff 84
14%
27. It's Yourz 85
14%
17. Mandingo 90
14%
13. Reunited 91
14%
5. Shame on a N*gga 94
14%
22. Visionz 86
14%
4. Wu-Tang Clan Ain't Nuthing ta F' Wit 94
14%
10. A Better Tomorrow 92
0%
24. Claudine 85
0%
16. For Heavens Sake 90
0%
23. Heaterz 85
0%
20. Impossible 87
0%
25. Severe Punishment 85
0%
21. Uzi (Pinky Ring) 87
0%
26. Warriors Two, Cooley High 85
0%
12. Wu-Tang: 7th Chamber - Part II / Conclusion 91
0%
No matching quizzes found
Score Distribution
Percent of People with Each Score
Percentile by Number Answered
Your Score History
You have not taken this quiz